Normal view
MARC view
Entry Personal Name
001 - CONTROL NUMBER
- control field: 18914
003 - CONTROL NUMBER IDENTIFIER
- control field: dpl
005 - DATE AND TIME OF LATEST TRANSACTION
- control field: 20100908134816.0
008 - FIXED-LENGTH DATA ELEMENTS
- fixed length control field: 100908|||a|||||| | ||| d
040 ## - CATALOGING SOURCE
- Original cataloging agency: dpl
- Transcribing agency: dpl
100 ## - HEADING--PERSONAL NAME
- Personal name: इज़ीक्यल, गुलु
670 ## - SOURCE DATA FOUND
- Source citation: Work cat.: (dpl)34132: इज़ीक्यल, गुलु, मास्टर ब्लास्टर तेंदुलकर /, 2010
670 ## - SOURCE DATA FOUND
- Source citation: Work cat.: (dpl)34132: इज़ीक्यल, गुलु, मास्टर ब्लास्टर तेंदुलकर /, 2010
